Szczegóły MARC21

Monako i Nicea /

003 -Nazwa inst., której nr kontr. jest w polu 001 [,]
    • @
    • Nazwa instytucji, której n kontrolny jest w polu 001
    • NUKAT
005 -DATA I CZAS OSTATNIEJ MODYFIKACJI [,]
    • @
    • pole kontrolne
    • 20241231100114.0
020 -Międzynarod. znormalizowany nr książki - ISBN [ , ]
    • a
    • Numer ISBN
    • 9788361809579 Find
    • q
    • Dopowiedzenie
    • seria
020 -Międzynarod. znormalizowany nr książki - ISBN [ , ]
    • a
    • Numer ISBN
    • 9788361809593 Find
040 -Instytucja sporządzająca opis [ , ]
    • a
    • Instytucja, która sporządziła opis (NP)
    • WR U/MW
    • c
    • Instytucja, która sporządziła rekord (NP)
    • WR U/MWs
    • d
    • Instytucja, która zmodyfikowała rekord (P)
    • WR U/hb
    • d
    • Instytucja, która zmodyfikowała rekord (P)
    • WR U/MW
942 -Rodzaj dokumentu [ , ]
    • c
    • Rodzaj dokumentu
    • Książka
100 -Hasło główne - nazwa osobowa [1, ]
    • a
    • Nazwa osobowa (NP)
    • Smołucha, Agnieszka
    • d
    • Daty biograficzne (NP)
    • (1987- ).
    • 9
    • KHW
    • 21018
245 -Strefa tytułu i oznaczenia odpowiedzialności [1,0]
    • a
    • Tytuł
    • Monako i Nicea / Find
    • c
    • Pozostałe elementy strefy tytułu i oznaczenia odpowiedzialności (NP)
    • [tekst Agnieszka Smołucha-Sładkowska, Janusz Smołucha ; red. Barbara Faron].
260 -Strefa adresu wydawniczego [ , ]
    • a
    • Miejsce wydania (P)
    • Warszawa :
    • b
    • Nazwa wydawcy (P)
    • Mediaprofit,
    • c
    • Data wydania (P)
    • 2012.
300 -Strefa opisu fizycznego [ , ]
    • a
    • Określenie formy książki i/lub objętość (NP)
    • 231, [1] s. :
    • b
    • Oznaczenie ilustracji (NP)
    • il. (gł. kolor.) ;
    • c
    • Format (NP)
    • 23 cm.
336 -Typ zawartości [ , ]
    • a
    • Termin opisujący typ zawartości
    • Tekst
    • b
    • Kod określający zawartość
    • txt
    • 2
    • Źródło (terminu i kodu)
    • rdacontent
337 -Typ mediów [ , ]
    • a
    • Tryb odtwarzania
    • Bez urządzenia pośredniczącego
    • b
    • Kod typu mediów
    • n
    • 2
    • Źródło (terminu i kodu)
    • rdamedia
338 -Typ/rodzaj nośnika [ , ]
    • a
    • Hasło opisujące typ nośnika
    • Wolumin
    • b
    • Kod typu nośnika
    • nc
    • 2
    • Źródło (terminu i kodu)
    • rdacarrier
490 -Strefa serii i książki wielotomowej - forma nie do wyszukiwania [1, ]
    • a
    • Tytuł (P)
    • Biblioteka Gazety Wyborczej. Miasta Marzeń ; Find
    • v
    • Numeracja (P)
    • 2
830 -Hasło dodatkowe serii i opisu książki wielotomowej - tytuł ujednolicony/tytuł [ ,0]
    • a
    • Tytuł ujednolicony/tytuł (NP)
    • Biblioteka Gazety Wyborczej.
    • p
    • Nazwa części/podserii/sekcji (P)
    • Miasta Marzeń
    • v
    • Oznaczenie tomu (NP)
    • 2
    • 9
    • KHW
    • 44063
500 -Uwaga ogólna [ , ]
    • a
    • Uwaga ogólna (NP)
    • Mapa i plan kolor. na wklejkach.
504 -Uwaga dot. bibliogr. załącznikowej [ , ]
    • a
    • Uwaga dot. bibliografii załącznikowej
    • Indeks.
080 -Uniwersalna Klasyfikacja Dziesiętna [ , ]
    • 2
    • Identyfikator wydania tablic
    • UDC-P058
    • 9
    • UKD
    • 45869
    • a
    • Symbol klasyfikacji
    • 913(449.49)(036)
    • b
    • Dopowiedzenie
    • Przewodniki turystyczno-krajoznawcze po Monako.
080 -Uniwersalna Klasyfikacja Dziesiętna [ , ]
    • 2
    • Identyfikator wydania tablic
    • UDC-P058
    • 9
    • UKD
    • 23259
    • a
    • Symbol klasyfikacji
    • 913(44)(036)
    • b
    • Dopowiedzenie
    • Przewodniki turystyczno-krajoznawcze po Francji.
651 -Hasło przedmiotowe w formie nazwy geograficznej [ ,7]
    • a
    • Nazwa geograficzna
    • Monako
    • v
    • Określnik formalny
    • przewodniki.
    • 2
    • Źródło terminu
    • kaba
    • 9
    • KHW
    • 366971
651 -Hasło przedmiotowe w formie nazwy geograficznej [ ,7]
    • a
    • Nazwa geograficzna
    • Nicea (Francja)
    • v
    • Określnik formalny
    • przewodniki.
    • 2
    • Źródło terminu
    • kaba
    • 9
    • KHW
    • 366972
980 -Symbol UKD [ , ]
    • a
    • UKD
    • 913(449.49):913(44)](036)
700 -Hasło dodatkowe - nazwa osobowa [1, ]
    • a
    • Nazwa osobowa (NP)
    • Smołucha, Janusz Find
    • d
    • Daty biograficzne (NP)
    • (1964- ).
    • 9
    • KHW
    • 12151
700 -Hasło dodatkowe - nazwa osobowa [1, ]
    • a
    • Nazwa osobowa (NP)
    • Faron, Barbara Find
    • c
    • Dopowiedzenie inne niż daty biograficzne (NP)
    • (język angielski).
    • e
    • Określenie rodzaju współpracy
    • Red.
    • 9
    • KHW
    • 44103
920 -ISBN [ , ]
    • a
    • ISBN
    • 978-83-61809-57-9 Find
    • q
    • Dopowiedzenie
    • seria
920 -ISBN [ , ]
    • a
    • ISBN
    • 978-83-61809-59-3 Find
Sygnatura Status udost. Numer inwentarzowy Data inwentaryzacji Lokalizacja
 1Z.1160872012-06-22BG
T.11968-2T.119682012-06-22T